Biggest world capitals A-Z - Statistics

General Stats
  • This quiz has been taken 110 times
    62 since last reset
  • The average score is 15 of 24
Answer Stats
Letters Capitals % Correct
B Beijing
93%
T Tokyo
89%
W Washington
85%
L London
83%
J Jakarta
80%
M Manila
78%
N New Delhi
78%
S Seoul
74%
C Cairo
70%
Q Quito
70%
H Hanoi
67%
I Islamabad
67%
Z Zagreb
67%
K Kinshasa
65%
D Dhaka
61%
A Ankara
59%
R Riyadh
46%
V Vienna
46%
Y Yaounde
46%
O Ouagadougou
43%
F Freetown
41%
U Ulaan Bataar
37%
G Guatemala City
35%
P Pretoria
35%
No matching quizzes found
Score Distribution
Percent of People with Each Score
Percentile by Number Answered
Your Score History
You have not taken this quiz since the last reset